[Event "AUT-ch Zwisch Internet"]
[Site "Playchess.com INT"]
[Date "2020.05.02"]
[Round "3"]
[White "Steininger, Barbara"]
[Black "Goelles, Herbert"]
[Result "1-0"]
[WhiteElo "1622"]
[BlackElo "1705"]
[PlyCount "107"]
[EventDate "2020.05.02"]
[EventType "swiss (blitz)"]
[EventRounds "13"]
[EventCountry "AUT"]
[SourceTitle "CBM 195 Extra"]
[Source "ChessBase"]
[SourceDate "2020.05.31"]
[SourceVersion "1"]
[SourceVersionDate "2020.05.31"]
[SourceQuality "1"]

1. d4 g6 2. Nf3 Bg7 3. c4 d6 4. Nc3 b6 5. e3 c5 6. Be2 Nd7 7. 0-0 Ngf6 8. b3 0-0 9. Bb2 Bb7 10. Rc1 e6 11. dxc5 dxc5 12. Qd6 Qc8 13. Rcd1 Rd8 14. Nb5 a6 15. Nc3 Nf8 16. Qxb6 Ne4 17. Rxd8 Qxd8 18. Qxb7 Nxc3 19. Bxc3 Bxc3 20. Rd1 Qe8 21. Ng5 h6 22. Ne4 Be5 23. Nxc5 Rb8 24. Qxa6 Qe7 25. Nd3 Bc3 26. c5 Qc7 27. Qc4 Bf6 28. c6 Kg7 29. b4 Nd7 30. b5 Nb6 31. Qb3 Nd5 32. Bf3 Nb6 33. a4 Ra8 34. Nc5 h5 35. g3 h4 36. Qb4 hxg3 37. hxg3 Be7 38. Qd4+ Bf6 39. Qd6 Qc8 40. Nd7 Nc4 41. Qb4 Ne5 42. Nxf6 Nxf3+ 43. Kg2 Kxf6 44. Qf4+ Kg7 45. Qxf3 Rxa4 46. b6 Rb4 47. b7 Qc7 48. Rd7 Qb6 49. Rc7 Rb2 50. Qxf7+ Kh6 51. Qf4+ g5 52. Qf6+ Kh5 53. Rh7+ Kg4 54. Qf3# 1-0

[Event "AUT-ch Vor2 Internet"]
[Site "Playchess.com INT"]
[Date "2020.04.13"]
[Round "3"]
[White "Goelles, Herbert"]
[Black "Froewis, Georg"]
[Result "0-1"]
[WhiteElo "1705"]
[BlackElo "2457"]
[PlyCount "82"]
[EventDate "2020.04.13"]
[EventType "swiss (blitz)"]
[EventRounds "9"]
[EventCountry "AUT"]
[SourceTitle "CBM 195 Extra"]
[Source "ChessBase"]
[SourceDate "2020.05.31"]
[SourceVersion "1"]
[SourceVersionDate "2020.05.31"]
[SourceQuality "1"]

1. f4 Nh6 2. Nf3 d5 3. g3 c6 4. Bg2 Qb6 5. e3 g6 6. d4 Bg7 7. Nc3 Nd7 8. 0-0 Nf6 9. Qd3 Bf5 10. Qe2 Ne4 11. Nxe4 Bxe4 12. c3 Nf5 13. b3 0-0 14. Ba3 Qc7 15. g4 Nd6 16. Bxd6 exd6 17. c4 dxc4 18. bxc4 Rae8 19. Qf2 c5 20. Rac1 b6 21. f5 Qe7 22. Rce1 Bf6 23. Qg3 Bxf3 24. Qxf3 cxd4 25. e4 Qe5 26. Qd3 Bg5 27. Kh1 Be3 28. Re2 Rc8 29. Rxe3 dxe3 30. Qxe3 f6 31. fxg6 hxg6 32. Qh6 Qg5 33. Qh3 Kg7 34. Rd1 Qe5 35. Qf3 Rh8 36. h3 Rxc4 37. Rd5 Rc1+ 38. Bf1 Rxf1+ 39. Qxf1 Qxe4+ 40. Qg2 Rxh3+ 41. Kg1 Qe1+ 0-1

[Event "AUT-ch Vor2 Internet"]
[Site "Playchess.com INT"]
[Date "2020.04.13"]
[Round "5"]
[White "Goelles, Herbert"]
[Black "Schloffer, Jasmin Denise"]
[Result "0-1"]
[WhiteElo "1705"]
[BlackElo "2110"]
[PlyCount "82"]
[EventDate "2020.04.13"]
[EventType "swiss (blitz)"]
[EventRounds "9"]
[EventCountry "AUT"]
[SourceTitle "CBM 195 Extra"]
[Source "ChessBase"]
[SourceDate "2020.05.31"]
[SourceVersion "1"]
[SourceVersionDate "2020.05.31"]
[SourceQuality "1"]

1. d3 Nf6 2. g3 e6 3. Bg2 d5 4. f4 d4 5. e4 dxe3 6. Bxe3 Bd6 7. Nf3 c6 8. 0-0 Nbd7 9. h3 h5 10. Nc3 Qc7 11. Ne4 b6 12. Nxd6+ Qxd6 13. Qe2 Bb7 14. Ng5 Qe7 15. a4 0-0 16. Rae1 Nc5 17. b3 Rad8 18. Ne4 Ncxe4 19. dxe4 e5 20. f5 c5 21. Bg5 Rd4 22. c3 Rd6 23. Bxf6 Rxf6 24. Qxh5 Rh6 25. Qg4 Rd8 26. Rd1 Rhd6 27. Rxd6 Rxd6 28. h4 Qd8 29. h5 a6 30. Kh2 b5 31. axb5 axb5 32. c4 bxc4 33. bxc4 Ba6 34. Rc1 Rh6 35. Bf3 Qd2+ 36. Kh3 Qxc1 37. f6 Rxf6 38. Qd7 Qg5 39. Qa7 Rxf3 40. Qb8+ Kh7 41. Qxe5 Qxe5 0-1

[Event "AUT-ch Vor1 Internet"]
[Site "Playchess.com INT"]
[Date "2020.04.11"]
[Round "9"]
[White "Sulzbacher, Michael"]
[Black "Goelles, Herbert"]
[Result "0-1"]
[WhiteElo "2018"]
[BlackElo "1705"]
[PlyCount "148"]
[EventDate "2020.04.11"]
[EventType "swiss (blitz)"]
[EventRounds "9"]
[EventCountry "AUT"]
[SourceTitle "CBM 195 Extra"]
[Source "ChessBase"]
[SourceDate "2020.05.31"]
[SourceVersion "1"]
[SourceVersionDate "2020.05.31"]
[SourceQuality "1"]

1. f4 d6 2. Nf3 g6 3. b3 Bg7 4. Nc3 f5 5. Bb2 Nf6 6. e3 0-0 7. Be2 c6 8. 0-0 Qc7 9. Rb1 e5 10. fxe5 dxe5 11. Ng5 h6 12. Bc4+ Kh8 13. Nf3 Nbd7 14. Ba3 c5 15. Nd5 Nxd5 16. Bxd5 e4 17. Nh4 Qd6 18. Bc4 Ne5 19. d4 Nxc4 20. bxc4 Qf6 21. Bxc5 Rd8 22. g3 b6 23. Bb4 Ba6 24. Qe2 Rac8 25. Qf2 Bxc4 26. Rfc1 Rd7 27. a3 Rf7 28. Ng2 g5 29. Bd2 Qe6 30. Rb4 Bf8 31. c3 Bxb4 32. axb4 a5 33. Ra1 Ra8 34. h4 Rfa7 35. hxg5 hxg5 36. bxa5 bxa5 37. Qe1 Rh7 38. Kf2 a4 39. Qb1 a3 40. Qb4 a2 41. Bc1 Bd5 42. c4 Bxc4 43. d5 Bxd5 44. Bb2+ Kg8 45. Qd4 Rc8 46. Bc3 Kf7 47. Nh4 gxh4 48. gxh4 Rg8 49. Rd1 Rd8 50. Rg1 Rd7 51. Rg7+ Rxg7 52. Qxg7+ Ke8 53. Qh8+ Qg8 54. Qe5+ Re7 55. Qb8+ Kf7 56. Qd6 Be6 57. Qe5 Qg6 58. h5 Qg4 59. h6 Qf3+ 60. Kg1 Qxe3+ 61. Kh2 Qxh6+ 62. Kg1 f4 63. Qxe4 Qg6+ 64. Qxg6+ Kxg6 65. Kf2 Rc7 66. Bd4 Rc1 67. Kf3 Kf5 68. Bb2 Bd5+ 69. Ke2 Rb1 70. Bd4 Ke4 71. Bh8 f3+ 72. Kf2 a1Q 73. Bxa1 Rxa1 74. Kg3 Ra2 0-1